000 00400nam a2200145Ia 4500
008 240729s9999 xx 000 0 und d
022 _a2468-6875
245 0 _aNigerian Postgraduate Medical Journal
260 _aIndia
260 _bWolters Kluwer Medknow Publications
650 _aMedicine
856 _uhttps://doaj.org/toc/2d6700e0ca8e4039a75dbf5f831cc574
942 _2ddc
942 _cDOAJEJ
999 _c66724
_d66724
945 _a1
_bMadushi Gamage
_c1
_dMadushi Gamage